Skylanders Spyro's Adventure Characters - Statistics

General Stats
  • This quiz has been taken 10 times
  • The average score is 29 of 32
Answer Stats
Element Answer % Correct
Undead Cynder
100%
Tech Drobot
100%
Fire Eruptor
100%
Undead Hex
100%
Air Sonic Boom
100%
Magic Spyro
100%
Life Stealth Elf
100%
Life Stump Smash
100%
Earth Terrafin
100%
Tech Trigger Happy
100%
Earth Bash
89%
Tech Boomer
89%
Life Camo
89%
Tech Drill Sergeant
89%
Fire Flame Slinger
89%
Undead Ghost Roaster
89%
Water Gill Grunt
89%
Fire Ignitor
89%
Air Lightning Rod
89%
Earth Prism Break
89%
Water Slam Bam
89%
Magic Voodood
89%
Air Warnado
89%
Water Wham-Shell
89%
Air Whirlwind
89%
Magic Wrecking Ball
89%
Water Zap
89%
Undead Chop Chop
78%
Magic Double Trouble
78%
Life Zook
78%
Earth Dino-Rang
67%
Fire Sunburn
56%
No matching quizzes found
Score Distribution
Percent of People with Each Score
Percentile by Number Answered
Your Score History
You have not taken this quiz